| 000 | 00451nab a2200145Ia 4500 | ||
|---|---|---|---|
| 003 | ES-SlBCS | ||
| 005 | 20210601141534.0 | ||
| 008 | 140529s1980 xxu||||| |||| 00| 0 spa d | ||
| 041 | _aspa | ||
| 100 | 1 |
_aNadal, Antonio _9257638 |
|
| 245 | 0 | 0 |
_aLa formación del movimiento obrero en Málaga _c Antonio Nadal |
| 650 | 0 | 4 |
_aMovimiento Obrero-Málaga _9257639 |
| 773 | 0 |
_tEstudios de Historia Social _gnº. 15, 1980, págs. 241-272 _wRev1193 |
|
| 942 | _cAR | ||
| 999 |
_c662385 _d662385 |
||